[Event "Panchenko Memorial 2017"]
[Site "?"]
[Date "2017.10.12"]
[Round "6.1"]
[White "Drygalov, Andrey"]
[Black "Shinkevich, Vitaly"]
[Result "1/2-1/2"]
[BlackElo "2454"]
[WhiteElo "2430"]
[LiveChessVersion "1.4.8"]

1. e4 {[%clk 1:30:58]} e5 {[%clk 1:30:33]} 2. Nf3 {[%clk 1:31:23]} Nc6
{[%clk 1:31:01]} 3. Bc4 {[%clk 1:31:48]} Bc5 {[%clk 1:31:24]} 4. O-O
{[%clk 1:32:14]} Nf6 {[%clk 1:31:48]} 5. d3 {[%clk 1:32:40]} a6 {[%clk 1:31:49]}
6. c3 {[%clk 1:33:04]} O-O {[%clk 1:31:52]} 7. a4 {[%clk 1:33:21]} Ba7
{[%clk 1:30:12]} 8. h3 {[%clk 1:33:19]} h6 {[%clk 1:29:32]} 9. Re1
{[%clk 1:33:17]} d6 {[%clk 1:29:57]} 10. Nbd2 {[%clk 1:33:36]} Ne7
{[%clk 1:28:04]} 11. Nf1 {[%clk 1:33:45]} Ng6 {[%clk 1:28:26]} 12. Ng3
{[%clk 1:34:08]} Be6 {[%clk 1:26:00]} 13. Bxe6 {[%clk 1:28:00]} fxe6
{[%clk 1:25:43]} 14. Qb3 {[%clk 1:27:07]} Qd7 {[%clk 1:23:35]} 15. d4
{[%clk 1:25:37]} Kh7 {[%clk 1:20:28]} 16. Be3 {[%clk 1:21:36]} exd4
{[%clk 1:10:23]} 17. cxd4 {[%clk 1:21:18]} d5 {[%clk 1:09:33]} 18. e5
{[%clk 1:19:55]} Ng8 {[%clk 1:06:40]} 19. Qc2 {[%clk 1:12:52]} N8e7
{[%clk 1:01:32]} 20. Nh4 {[%clk 0:59:55]} Qc6 {[%clk 0:57:35]} 21. Qb1
{[%clk 0:52:18]} Qe8 {[%clk 0:56:54]} 22. b4 {[%clk 0:49:03]} Kg8
{[%clk 0:49:42]} 23. Nxg6 {[%clk 0:49:27]} Qxg6 {[%clk 0:45:56]} 24. Qxg6
{[%clk 0:49:19]} Nxg6 {[%clk 0:46:24]} 25. Rec1 {[%clk 0:47:04]} Rac8
{[%clk 0:37:56]} 26. Ra3 {[%clk 0:36:55]} Ne7 {[%clk 0:33:57]} 27. Rac3
{[%clk 0:32:00]} c6 {[%clk 0:30:40]} 28. Ne2 {[%clk 0:30:17]} g5 {[%clk 0:24:57]}
29. f3 {[%clk 0:08:19]} Bb6 {[%clk 0:17:59]} 30. Bf2 {[%clk 0:07:14]} Ra8
{[%clk 0:10:56]} 31. h4 {[%clk 0:06:41]} Nf5 {[%clk 0:09:47]} 32. hxg5
{[%clk 0:06:26]} hxg5 {[%clk 0:10:15]} 33. g3 {[%clk 0:04:20]} Kg7
{[%clk 0:05:08]} 34. Kg2 {[%clk 0:03:56]} Rh8 {[%clk 0:05:28]} 35. Rh1
{[%clk 0:00:39]} Rxh1 {[%clk 0:04:56]} 36. Kxh1 {[%clk 0:01:06]} Bd8
{[%clk 0:03:42]} 37. g4 {[%clk 0:01:03]} Ne7 {[%clk 0:03:59]} 38. f4
{[%clk 0:01:20]} a5 {[%clk 0:03:59]} 39. bxa5 {[%clk 0:00:39]} Rxa5
{[%clk 0:04:21]} 40. fxg5 {[%clk 0:00:48]} Ng6 {[%clk 0:04:29]} 41. Ng3
{[%clk 0:00:48]} Bxg5 {[%clk 0:01:50]} 42. Nh5+ {[%clk 0:00:53]} Kf7
{[%clk 0:01:54]} 43. Rb3 {[%clk 0:01:02]} Ra7 {[%clk 0:01:54]} 44. Kg2
{[%clk 0:00:39]} Ke7 {[%clk 0:02:02]} 45. Be1 {[%clk 0:00:37]} c5
{[%clk 0:01:29]} 46. dxc5 {[%clk 0:00:36]} Nxe5 {[%clk 0:01:57]} 47. Bg3
{[%clk 0:00:53]} Nc6 {[%clk 0:01:17]} 48. Bd6+ {[%clk 0:00:39]} Kd7
{[%clk 0:01:27]} 49. Rf3 {[%clk 0:00:38]} Rxa4 {[%clk 0:01:11]} 50. Rf7+
{[%clk 0:00:48]} Kc8 {[%clk 0:00:44]} 51. Rc7+ {[%clk 0:00:46]} Kd8
{[%clk 0:01:09]} 52. Rxb7 {[%clk 0:00:33]} Rxg4+ {[%clk 0:01:19]} 53. Kf3
{[%clk 0:00:38]} Re4 {[%clk 0:01:13]} 54. Ng7 {[%clk 0:00:32]} Bf6
{[%clk 0:00:34]} 55. Nh5 {[%clk 0:00:38]} Be5 {[%clk 0:00:36]} 56. Bxe5
{[%clk 0:00:33]} Rxe5 {[%clk 0:00:38]} 57. Nf4 {[%clk 0:00:49]} d4
{[%clk 0:00:48]} 58. Rh7 {[%clk 0:00:43]} Kc8 {[%clk 0:00:34]} 59. Rh6
{[%clk 0:00:39]} Kd7 {[%clk 0:00:32]} 60. Rh7+ {[%clk 0:00:54]} Kc8
{[%clk 0:00:52]} 61. Rh6 {[%clk 0:01:20]} Kd7 {[%clk 0:00:46]} 62. Rh7+
{[%clk 0:01:43]} Kc8 63. Rh6 Nd8 64. c6 Re3+ 65. Kf2 Re5 66. Kf3 Kc7 1/2-1/2

[Event "Panchenko Memorial 2017"]
[Site "?"]
[Date "2017.10.12"]
[Round "6.2"]
[White "Baburin, Alexander"]
[Black "Sivuk, Vitaly"]
[Result "1/2-1/2"]
[BlackElo "2545"]
[WhiteElo "2463"]
[LiveChessVersion "1.4.8"]

1. d4 {[%clk 1:22:03]} Nf6 {[%clk 1:30:48]} 2. c4 {[%clk 1:22:16]} g6
{[%clk 1:31:08]} 3. Nf3 {[%clk 1:22:39]} Bg7 {[%clk 1:31:31]} 4. g3
{[%clk 1:23:05]} O-O {[%clk 1:31:46]} 5. Bg2 {[%clk 1:23:20]} d6 {[%clk 1:32:06]}
6. O-O {[%clk 1:23:36]} Nbd7 {[%clk 1:32:29]} 7. Qc2 {[%clk 1:23:54]} c5
{[%clk 1:32:44]} 8. Nc3 {[%clk 1:20:19]} a6 {[%clk 1:29:58]} 9. Rd1
{[%clk 1:12:17]} Rb8 {[%clk 1:29:42]} 10. e4 {[%clk 1:02:22]} cxd4
{[%clk 1:29:48]} 11. Nxd4 {[%clk 1:02:43]} Qc7 {[%clk 1:30:12]} 12. Qe2
{[%clk 0:59:39]} e6 {[%clk 1:30:28]} 13. h3 {[%clk 0:51:51]} Ne5 {[%clk 1:26:48]}
14. Bf1 {[%clk 0:47:38]} Bd7 {[%clk 1:23:43]} 15. f4 {[%clk 0:33:23]} Nc6
{[%clk 1:23:35]} 16. Be3 {[%clk 0:33:46]} Ne7 {[%clk 1:09:59]} 17. Rac1
{[%clk 0:31:23]} Nh5 {[%clk 1:08:38]} 18. Qf2 {[%clk 0:29:09]} e5
{[%clk 1:05:12]} 19. Nde2 {[%clk 0:27:08]} f5 {[%clk 0:59:59]} 20. Bb6
{[%clk 0:25:06]} Qc8 {[%clk 0:59:56]} 21. exf5 {[%clk 0:25:16]} Bxf5
{[%clk 0:52:00]} 22. g4 {[%clk 0:22:51]} Bxg4 {[%clk 0:45:23]} 23. hxg4
{[%clk 0:20:50]} Qxg4+ {[%clk 0:45:23]} 24. Qg2 {[%clk 0:20:20]} Qe6
{[%clk 0:44:42]} 25. Qh3 {[%clk 0:15:59]} Nf5 {[%clk 0:42:35]} 26. Bg2
{[%clk 0:14:44]} Kh8 {[%clk 0:42:50]} 27. Nd5 {[%clk 0:12:51]} Bh6
{[%clk 0:41:07]} 28. Re1 {[%clk 0:12:31]} Qf7 {[%clk 0:40:49]} 29. Bf3
{[%clk 0:10:18]} exf4 {[%clk 0:39:22]} 30. Nd4 {[%clk 0:07:52]} Nhg7
{[%clk 0:26:58]} 31. Nxf5 {[%clk 0:07:15]} Nxf5 {[%clk 0:25:42]} 32. Qxh6
{[%clk 0:07:37]} Nxh6 {[%clk 0:25:26]} 33. Bd4+ {[%clk 0:08:02]} Qg7
{[%clk 0:25:41]} 34. Bxg7+ {[%clk 0:08:24]} Kxg7 {[%clk 0:26:05]} 35. Re7+
{[%clk 0:08:38]} Kh8 {[%clk 0:24:45]} 36. Rce1 {[%clk 0:07:36]} b5
{[%clk 0:23:37]} 37. Rc7 {[%clk 0:06:55]} Nf5 {[%clk 0:23:01]} 38. b3
{[%clk 0:06:38]} bxc4 {[%clk 0:22:53]} 39. bxc4 {[%clk 0:05:41]} Nd4
{[%clk 0:21:20]} 40. Rf1 {[%clk 0:03:08]} Rb2 {[%clk 0:17:20]} 41. Rf2
{[%clk 0:03:29]} Nxf3+ {[%clk 0:14:55]} 42. Rxf3 {[%clk 0:03:54]} Rxa2
{[%clk 0:15:18]} 43. Rxf4 {[%clk 0:03:17]} Rxf4 {[%clk 0:15:22]} 44. Nxf4
{[%clk 0:03:43]} Kg8 {[%clk 0:15:28]} 45. Nd5 {[%clk 0:03:38]} a5
{[%clk 0:14:37]} 46. Nf6+ {[%clk 0:01:39]} Kf8 {[%clk 0:14:33]} 47. Rd7
{[%clk 0:00:51]} a4 {[%clk 0:14:22]} 48. Nxh7+ {[%clk 0:01:14]} Ke8
{[%clk 0:14:44]} 49. Nf6+ {[%clk 0:01:42]} Kf8 {[%clk 0:15:09]} 50. Nh7+
{[%clk 0:00:55]} Ke8 {[%clk 0:15:33]} 51. Nf6+ {[%clk 0:01:23]} Kf8
{[%clk 0:15:59]} 52. Nh7+ {[%clk 0:01:03]} 1/2-1/2

[Event "Panchenko Memorial 2017"]
[Site "?"]
[Date "2017.10.12"]
[Round "6.3"]
[White "Bezgodov, Alexei"]
[Black "Gutenev, Alexander"]
[Result "1/2-1/2"]
[BlackElo "2474"]
[WhiteElo "2482"]
[LiveChessVersion "1.4.8"]

1. e4 {[%clk 1:30:52]} c5 {[%clk 1:29:49]} 2. Nf3 {[%clk 1:30:13]} Nc6
{[%clk 1:29:42]} 3. d4 {[%clk 1:30:37]} cxd4 {[%clk 1:30:07]} 4. Nxd4
{[%clk 1:31:03]} Nf6 {[%clk 1:30:27]} 5. Nc3 {[%clk 1:31:27]} d6 {[%clk 1:30:53]}
6. Bg5 {[%clk 1:31:37]} e6 {[%clk 1:31:13]} 7. Qd2 {[%clk 1:31:56]} Be7
{[%clk 1:31:33]} 8. O-O-O {[%clk 1:32:02]} O-O {[%clk 1:31:57]} 9. f4
{[%clk 1:32:16]} Nxd4 {[%clk 1:32:16]} 10. Qxd4 {[%clk 1:32:40]} Qa5
{[%clk 1:32:39]} 11. Bc4 {[%clk 1:32:43]} h6 {[%clk 1:31:04]} 12. Bh4
{[%clk 1:31:11]} Qh5 {[%clk 1:30:18]} 13. Bg3 {[%clk 1:24:17]} Rd8
{[%clk 1:29:55]} 14. Rhe1 {[%clk 1:18:22]} Bd7 {[%clk 1:30:07]} 15. f5
{[%clk 1:17:31]} exf5 {[%clk 1:28:29]} 16. exf5 {[%clk 1:17:19]} Re8
{[%clk 1:28:51]} 17. Nb5 {[%clk 0:55:41]} Rac8 {[%clk 1:28:23]} 18. Nxa7
{[%clk 0:43:23]} Rc5 {[%clk 1:28:46]} 19. b4 {[%clk 0:37:12]} Rxf5
{[%clk 0:42:17]} 20. Kb1 {[%clk 0:25:44]} Rg5 {[%clk 0:36:20]} 21. Be2
{[%clk 0:09:54]} Bg4 {[%clk 0:34:40]} 22. Qd3 {[%clk 0:08:57]} Rd5
{[%clk 0:33:55]} 23. Bxg4 {[%clk 0:08:43]} Qxg4 {[%clk 0:34:02]} 24. Qf3
{[%clk 0:08:48]} Qxb4+ {[%clk 0:33:54]} 25. Qb3 {[%clk 0:09:14]} Qc5
{[%clk 0:29:13]} 26. Qxb7 {[%clk 0:08:38]} Rxd1+ {[%clk 0:28:17]} 27. Rxd1
{[%clk 0:09:07]} Ne4 {[%clk 0:28:16]} 28. Be1 {[%clk 0:06:53]} Bf6
{[%clk 0:25:17]} 29. Qb5 {[%clk 0:06:32]} Rc8 {[%clk 0:14:34]} 30. Qxc5
{[%clk 0:06:08]} Rxc5 {[%clk 0:15:01]} 31. Rd3 {[%clk 0:05:47]} Rf5
{[%clk 0:14:38]} 32. Rf3 {[%clk 0:05:28]} Rd5 {[%clk 0:13:25]} 33. Rd3
{[%clk 0:05:33]} Rf5 {[%clk 0:12:31]} 34. Rf3 {[%clk 0:06:01]} Rg5
{[%clk 0:11:54]} 35. g3 {[%clk 0:05:33]} Rd5 {[%clk 0:12:12]} 36. Kc1
{[%clk 0:05:51]} Bg5+ {[%clk 0:05:49]} 1/2-1/2

[Event "Panchenko Memorial 2017"]
[Site "?"]
[Date "2017.10.12"]
[Round "6.4"]
[White "Simantsev, Mikhail"]
[Black "Tosic, Miroslav"]
[Result "1-0"]
[BlackElo "2447"]
[WhiteElo "2492"]
[LiveChessVersion "1.4.8"]

1. d4 {[%clk 1:19:30]} Nf6 {[%clk 1:29:38]} 2. c4 {[%clk 1:10:59]} g6
{[%clk 1:28:42]} 3. Nc3 {[%clk 1:08:59]} Bg7 {[%clk 1:29:04]} 4. e4
{[%clk 1:09:25]} d6 {[%clk 1:29:30]} 5. h3 {[%clk 1:07:58]} O-O {[%clk 1:25:39]}
6. Nf3 {[%clk 1:08:14]} e5 {[%clk 1:24:14]} 7. d5 {[%clk 1:07:34]} a5
{[%clk 1:24:14]} 8. g4 {[%clk 1:07:10]} Na6 {[%clk 1:24:00]} 9. Be3
{[%clk 1:07:35]} Nd7 {[%clk 1:22:59]} 10. a3 {[%clk 1:07:35]} Nac5
{[%clk 1:20:38]} 11. Rg1 {[%clk 1:03:57]} a4 {[%clk 1:20:12]} 12. Nd2
{[%clk 1:01:57]} c6 {[%clk 1:16:06]} 13. Qf3 {[%clk 0:48:17]} Qa5
{[%clk 1:13:12]} 14. h4 {[%clk 0:42:11]} Ra6 {[%clk 1:04:11]} 15. O-O-O
{[%clk 0:25:33]} Rb6 {[%clk 0:57:06]} 16. Kc2 {[%clk 0:23:04]} h6
{[%clk 0:50:57]} 17. Be2 {[%clk 0:22:09]} Re8 {[%clk 0:50:51]} 18. Qg2
{[%clk 0:18:45]} Nb3 {[%clk 0:42:51]} 19. Bxb6 {[%clk 0:18:45]} Qxb6
{[%clk 0:41:07]} 20. Nxb3 {[%clk 0:18:57]} axb3+ {[%clk 0:40:15]} 21. Kb1
{[%clk 0:18:32]} Nc5 {[%clk 0:39:05]} 22. Qf3 {[%clk 0:16:49]} Qc7
{[%clk 0:37:01]} 23. Bf1 {[%clk 0:13:26]} Qe7 {[%clk 0:34:59]} 24. g5
{[%clk 0:13:18]} h5 {[%clk 0:35:21]} 25. Bh3 {[%clk 0:13:41]} Bxh3
{[%clk 0:35:33]} 26. Qxh3 {[%clk 0:14:09]} Rf8 {[%clk 0:35:57]} 27. Rg2
{[%clk 0:13:08]} Kh7 {[%clk 0:36:14]} 28. f3 {[%clk 0:10:18]} Qc7
{[%clk 0:30:05]} 29. Rgd2 {[%clk 0:10:09]} Rd8 {[%clk 0:30:27]} 30. Qg3
{[%clk 0:09:32]} Qe7 {[%clk 0:27:21]} 31. Qf2 {[%clk 0:07:26]} f6
{[%clk 0:26:30]} 32. Qe3 {[%clk 0:07:21]} fxg5 {[%clk 0:26:41]} 33. hxg5
{[%clk 0:07:49]} Qf8 {[%clk 0:24:39]} 34. Ne2 {[%clk 0:06:19]} Qe7
{[%clk 0:18:40]} 35. Nc1 {[%clk 0:06:04]} cxd5 {[%clk 0:19:01]} 36. cxd5
{[%clk 0:05:14]} Rf8 {[%clk 0:18:59]} 37. Rg1 {[%clk 0:05:13]} Qf7
{[%clk 0:17:59]} 38. Nxb3 {[%clk 0:05:34]} Nxb3 {[%clk 0:18:05]} 39. Qxb3
{[%clk 0:06:02]} Qxf3 {[%clk 0:18:30]} 40. Qxf3 {[%clk 0:06:15]} Rxf3
{[%clk 0:18:55]} 41. Rc2 {[%clk 0:06:34]} Rf4 {[%clk 0:17:18]} 42. Rc7
{[%clk 0:06:41]} Kg8 {[%clk 0:17:31]} 43. Rxb7 {[%clk 0:06:23]} h4
{[%clk 0:17:57]} 44. Rb4 {[%clk 0:04:22]} h3 {[%clk 0:17:25]} 45. Rh1
{[%clk 0:04:32]} Rh4 {[%clk 0:15:33]} 46. a4 {[%clk 0:04:46]} Bf8
{[%clk 0:16:00]} 47. a5 {[%clk 0:05:02]} 1-0

[Event "Panchenko Memorial 2017"]
[Site "?"]
[Date "2017.10.12"]
[Round "6.5"]
[White "Naumkin, Igor"]
[Black "Korneev, Oleg"]
[Result "1/2-1/2"]
[BlackElo "2557"]
[WhiteElo "2446"]
[LiveChessVersion "1.4.8"]

1. d4 {[%clk 1:30:57]} d5 {[%clk 1:18:48]} 2. c4 {[%clk 1:31:03]} e6
{[%clk 1:19:09]} 3. Nf3 {[%clk 1:31:25]} Nf6 {[%clk 1:19:28]} 4. Nc3
{[%clk 1:31:38]} c6 {[%clk 1:19:57]} 5. e3 {[%clk 1:31:54]} Nbd7 {[%clk 1:20:25]}
6. a3 {[%clk 1:31:52]} Bd6 {[%clk 1:20:39]} 7. Bd3 {[%clk 1:32:11]} O-O
{[%clk 1:12:08]} 8. O-O {[%clk 1:30:10]} dxc4 {[%clk 1:03:19]} 9. Bxc4
{[%clk 1:26:16]} b5 {[%clk 0:59:43]} 10. Ba2 {[%clk 1:24:27]} a5 {[%clk 0:58:04]}
11. Qc2 {[%clk 1:12:41]} b4 {[%clk 0:50:44]} 12. Na4 {[%clk 1:07:35]} c5
{[%clk 0:40:12]} 13. dxc5 {[%clk 1:00:52]} Nxc5 {[%clk 0:40:05]} 1/2-1/2

[Event "Panchenko Memorial 2017"]
[Site "?"]
[Date "2017.10.12"]
[Round "6.6"]
[White "Borisenko, Viacheslav"]
[Black "Vaseptsov, Maxim"]
[Result "1-0"]
[BlackElo "2331"]
[WhiteElo "2313"]
[LiveChessVersion "1.4.8"]

1. e4 {[%clk 1:30:55]} c5 {[%clk 1:28:08]} 2. Nc3 {[%clk 1:28:27]} d6
{[%clk 1:27:16]} 3. d3 {[%clk 1:28:25]} Nc6 {[%clk 1:27:14]} 4. g3
{[%clk 1:28:40]} g6 {[%clk 1:27:35]} 5. Bg2 {[%clk 1:28:57]} Bg7 {[%clk 1:27:59]}
6. h3 {[%clk 1:27:14]} e6 {[%clk 1:28:09]} 7. f4 {[%clk 1:27:36]} Nge7
{[%clk 1:28:29]} 8. Nf3 {[%clk 1:28:00]} O-O {[%clk 1:28:32]} 9. O-O
{[%clk 1:28:26]} Nd4 {[%clk 1:27:33]} 10. Ne2 {[%clk 1:27:54]} e5
{[%clk 1:25:08]} 11. Kh2 {[%clk 1:26:02]} f5 {[%clk 1:24:55]} 12. c3
{[%clk 1:25:24]} Ne6 {[%clk 1:25:06]} 13. Be3 {[%clk 1:23:59]} h6
{[%clk 1:25:01]} 14. Qd2 {[%clk 1:23:10]} Kh7 {[%clk 1:25:17]} 15. Rad1
{[%clk 1:19:24]} Bd7 {[%clk 1:22:06]} 16. Nh4 {[%clk 1:02:09]} Bc6
{[%clk 1:19:40]} 17. exf5 {[%clk 0:55:23]} Nxf5 {[%clk 1:19:32]} 18. Nxf5
{[%clk 0:55:33]} Rxf5 {[%clk 1:19:52]} 19. Be4 {[%clk 0:54:12]} exf4
{[%clk 1:17:08]} 20. Bxf5 {[%clk 0:49:57]} gxf5 {[%clk 1:17:30]} 21. Bxf4
{[%clk 0:48:47]} Qe8 {[%clk 1:16:47]} 22. Bxd6 {[%clk 0:47:35]} Ng5
{[%clk 1:16:48]} 23. Ng1 {[%clk 0:47:09]} Rd8 {[%clk 1:15:55]} 24. Bf4
{[%clk 0:46:15]} Qg6 {[%clk 1:15:50]} 25. Qf2 {[%clk 0:44:21]} Rd5
{[%clk 1:15:23]} 26. c4 {[%clk 0:42:46]} Bd4 {[%clk 1:14:37]} 27. Be3
{[%clk 0:42:57]} Re5 {[%clk 1:13:38]} 28. Bxd4 {[%clk 0:43:12]} cxd4
{[%clk 1:14:06]} 29. Rde1 {[%clk 0:43:12]} Rxe1 {[%clk 1:13:40]} 30. Rxe1
{[%clk 0:43:25]} f4 {[%clk 1:13:45]} 31. Re7+ {[%clk 0:43:07]} Kg8
{[%clk 1:14:12]} 32. Qxf4 {[%clk 0:43:17]} 1-0

[Event "Panchenko Memorial 2017"]
[Site "?"]
[Date "2017.10.12"]
[Round "6.7"]
[White "Radzhabov, Rodion"]
[Black "Stankovic, Milos"]
[Result "1/2-1/2"]
[BlackElo "2399"]
[WhiteElo "2319"]
[LiveChessVersion "1.4.8"]

1. Nf3 {[%clk 1:30:02]} Nf6 {[%clk 1:29:48]} 2. c4 {[%clk 1:30:21]} g6
{[%clk 1:29:42]} 3. Nc3 {[%clk 1:30:22]} c5 {[%clk 1:28:47]} 4. d4
{[%clk 1:30:14]} cxd4 {[%clk 1:28:34]} 5. Nxd4 {[%clk 1:30:39]} Nc6
{[%clk 1:28:31]} 6. e4 {[%clk 1:30:22]} d6 {[%clk 1:27:33]} 7. Be2
{[%clk 1:27:18]} Nxd4 {[%clk 1:27:36]} 8. Qxd4 {[%clk 1:27:35]} Bg7
{[%clk 1:27:45]} 9. O-O {[%clk 1:26:58]} O-O {[%clk 1:27:38]} 10. Qd3
{[%clk 1:20:10]} a5 {[%clk 1:23:25]} 11. Be3 {[%clk 1:15:56]} a4 {[%clk 1:22:06]}
12. Rad1 {[%clk 1:13:44]} Qa5 {[%clk 1:20:13]} 13. Bd4 {[%clk 1:07:31]} Bd7
{[%clk 1:10:40]} 14. Bxf6 {[%clk 0:56:50]} Bxf6 {[%clk 1:09:54]} 15. Nd5
{[%clk 0:57:11]} Bxb2 {[%clk 1:08:27]} 16. Nxe7+ {[%clk 0:57:20]} Kg7
{[%clk 1:07:07]} 17. Qxd6 {[%clk 0:55:20]} Be6 {[%clk 0:53:26]} 18. Nd5
{[%clk 0:51:40]} Rad8 {[%clk 0:49:07]} 19. Qg3 {[%clk 0:41:18]} Qc5
{[%clk 0:43:31]} 20. Rd2 {[%clk 0:39:02]} a3 {[%clk 0:40:53]} 21. Rfd1
{[%clk 0:36:35]} Rd7 {[%clk 0:37:35]} 22. h4 {[%clk 0:30:53]} Bxd5
{[%clk 0:35:38]} 23. cxd5 {[%clk 0:29:36]} Re8 {[%clk 0:35:24]} 24. Bd3
{[%clk 0:13:00]} Be5 {[%clk 0:27:13]} 25. Qg4 {[%clk 0:11:24]} Rd6
{[%clk 0:27:13]} 26. Rc2 {[%clk 0:10:34]} Qb6 {[%clk 0:27:08]} 27. g3
{[%clk 0:08:36]} h5 {[%clk 0:22:29]} 28. Qf3 {[%clk 0:07:09]} Rf6
{[%clk 0:21:52]} 29. Qg2 {[%clk 0:07:31]} Bd4 {[%clk 0:20:24]} 30. Rf1
{[%clk 0:07:18]} Qa5 {[%clk 0:17:35]} 31. Kh2 {[%clk 0:07:06]} Rb6
{[%clk 0:17:58]} 32. f4 {[%clk 0:06:56]} Rb2 {[%clk 0:17:54]} 33. e5
{[%clk 0:06:10]} Rc8 {[%clk 0:17:03]} 34. Rd1 {[%clk 0:01:24]} Rcxc2
{[%clk 0:10:05]} 35. Bxc2 {[%clk 0:01:53]} Qc5 {[%clk 0:09:44]} 36. Rd2
{[%clk 0:01:58]} Be3 {[%clk 0:08:58]} 37. Re2 {[%clk 0:02:08]} Rxa2
{[%clk 0:09:04]} 38. d6 {[%clk 0:01:32]} Qc4 {[%clk 0:04:45]} 39. Bd3
{[%clk 0:00:46]} 1/2-1/2

[Event "Panchenko Memorial 2017"]
[Site "?"]
[Date "2017.10.12"]
[Round "6.8"]
[White "Suslova, Alena"]
[Black "Matsenko, Andrei"]
[Result "0-1"]
[BlackElo "2281"]
[WhiteElo "2227"]
[LiveChessVersion "1.4.8"]

1. c4 {[%clk 1:30:33]} e5 {[%clk 1:29:31]} 2. g3 {[%clk 1:29:57]} Nc6
{[%clk 1:28:53]} 3. Bg2 {[%clk 1:29:40]} d6 {[%clk 1:29:03]} 4. Nc3
{[%clk 1:29:36]} Be6 {[%clk 1:29:03]} 5. Nd5 {[%clk 1:29:24]} Qd7
{[%clk 1:29:29]} 6. d3 {[%clk 1:29:21]} Nd8 {[%clk 1:29:49]} 7. Nf3
{[%clk 1:27:41]} c6 {[%clk 1:26:34]} 8. Nc3 {[%clk 1:27:47]} g6 {[%clk 1:24:50]}
9. h4 {[%clk 1:20:33]} h6 {[%clk 1:20:51]} 10. c5 {[%clk 1:11:05]} Bg7
{[%clk 1:16:38]} 11. Be3 {[%clk 1:01:49]} d5 {[%clk 1:14:40]} 12. d4
{[%clk 1:00:39]} f6 {[%clk 1:15:04]} 13. Qd2 {[%clk 0:53:59]} Ne7
{[%clk 1:12:45]} 14. Na4 {[%clk 0:45:32]} Qc7 {[%clk 1:10:17]} 15. Kf1
{[%clk 0:38:22]} Nf5 {[%clk 1:08:22]} 16. Rd1 {[%clk 0:33:18]} O-O
{[%clk 1:06:10]} 17. Kg1 {[%clk 0:30:36]} Nf7 {[%clk 1:04:49]} 18. b3
{[%clk 0:26:14]} Rae8 {[%clk 1:03:58]} 19. Qc1 {[%clk 0:16:36]} Nxe3
{[%clk 1:01:52]} 20. Qxe3 {[%clk 0:17:04]} Bg4 {[%clk 0:58:41]} 21. Re1
{[%clk 0:14:39]} Qa5 {[%clk 0:56:26]} 22. Kh2 {[%clk 0:14:19]} f5
{[%clk 0:54:22]} 23. Qd2 {[%clk 0:11:29]} Qxd2 {[%clk 0:50:22]} 24. Nxd2
{[%clk 0:11:58]} exd4 {[%clk 0:50:25]} 25. f3 {[%clk 0:11:04]} Bh5
{[%clk 0:50:55]} 26. Nb2 {[%clk 0:10:21]} Ne5 {[%clk 0:47:25]} 27. Rhf1
{[%clk 0:07:21]} g5 {[%clk 0:45:22]} 28. Bh3 {[%clk 0:04:51]} gxh4
{[%clk 0:43:19]} 29. gxh4 {[%clk 0:04:33]} Ng6 {[%clk 0:43:30]} 30. Nd3
{[%clk 0:04:22]} Nxh4 {[%clk 0:43:27]} 31. Rg1 {[%clk 0:04:19]} Kh7
{[%clk 0:41:50]} 32. Kg3 {[%clk 0:04:37]} Ng6 {[%clk 0:41:19]} 33. Rg2
{[%clk 0:04:11]} Bf6 {[%clk 0:40:11]} 34. Reg1 {[%clk 0:04:03]} Bg5
{[%clk 0:35:06]} 35. Nf1 {[%clk 0:04:15]} Nh4 {[%clk 0:32:38]} 36. Rf2
{[%clk 0:04:21]} f4+ {[%clk 0:32:22]} 37. Kh2 {[%clk 0:04:24]} Rxe2
{[%clk 0:32:10]} 0-1

[Event "Panchenko Memorial 2017"]
[Site "?"]
[Date "2017.10.12"]
[Round "6.9"]
[White "Drygalov, Sergey"]
[Black "Sitnikov, Anton"]
[Result "1/2-1/2"]
[BlackElo "2457"]
[WhiteElo "2404"]
[LiveChessVersion "1.4.8"]

1. d4 {[%clk 1:30:57]} d6 {[%clk 1:20:19]} 2. e4 {[%clk 1:31:21]} Nf6
{[%clk 1:20:31]} 3. Nc3 {[%clk 1:31:36]} Nbd7 {[%clk 1:20:51]} 4. Nf3
{[%clk 1:27:54]} e5 {[%clk 1:21:09]} 5. Bc4 {[%clk 1:25:27]} Be7 {[%clk 1:21:28]}
6. O-O {[%clk 1:25:23]} c6 {[%clk 1:19:54]} 7. a4 {[%clk 1:25:26]} O-O
{[%clk 1:10:19]} 8. Re1 {[%clk 1:23:09]} Qc7 {[%clk 1:05:49]} 9. Ba2
{[%clk 1:16:24]} b6 {[%clk 0:55:56]} 10. h3 {[%clk 1:14:10]} a6 {[%clk 0:51:39]}
11. Nh4 {[%clk 1:02:21]} Re8 {[%clk 0:32:09]} 12. Nf5 {[%clk 0:56:25]} Bf8
{[%clk 0:32:28]} 13. Be3 {[%clk 0:55:25]} Rb8 {[%clk 0:19:23]} 14. Qf3
{[%clk 0:35:14]} b5 {[%clk 0:08:30]} 15. Qg3 {[%clk 0:28:54]} g6 {[%clk 0:08:53]}
16. dxe5 {[%clk 0:27:00]} Nxe5 {[%clk 0:08:17]} 17. Nh6+ {[%clk 0:22:44]} Kh8
{[%clk 0:06:08]} 18. axb5 {[%clk 0:15:43]} axb5 {[%clk 0:06:12]} 19. Qh4
{[%clk 0:10:26]} Bg7 {[%clk 0:04:34]} 20. Bd4 {[%clk 0:09:21]} Be6
{[%clk 0:03:06]} 21. f4 {[%clk 0:08:11]} Bxa2 {[%clk 0:00:38]} 22. Rxa2
{[%clk 0:08:09]} Ng8 {[%clk 0:00:45]} 23. fxe5 {[%clk 0:07:51]} Nxh6
{[%clk 0:01:13]} 24. Be3 {[%clk 0:05:37]} Ng8 {[%clk 0:01:24]} 25. Ra7
{[%clk 0:05:12]} Qd8 {[%clk 0:01:34]} 26. Bg5 {[%clk 0:03:13]} Qb6+
{[%clk 0:02:00]} 27. Be3 {[%clk 0:03:37]} Qd8 {[%clk 0:02:28]} 28. Bg5
{[%clk 0:03:16]} Qb6+ {[%clk 0:02:53]} 29. Be3 {[%clk 0:03:43]} Qd8
{[%clk 0:03:18]} 30. Bg5 {[%clk 0:01:37]} Qb6+ {[%clk 0:03:45]} 31. Be3
{[%clk 0:02:03]} Qd8 {[%clk 0:04:12]} 1/2-1/2

[Event "Panchenko Memorial 2017"]
[Site "?"]
[Date "2017.10.12"]
[Round "6.10"]
[White "Salemgareev, Tagir"]
[Black "Tologontegin, Semetey"]
[Result "0-1"]
[BlackElo "2392"]
[WhiteElo "2378"]
[LiveChessVersion "1.4.8"]

1. d4 {[%clk 1:30:58]} e6 {[%clk 1:29:17]} 2. c4 {[%clk 1:31:07]} b6
{[%clk 1:29:39]} 3. Nf3 {[%clk 1:30:25]} Bb7 {[%clk 1:29:18]} 4. a3
{[%clk 1:30:05]} f5 {[%clk 1:17:55]} 5. g3 {[%clk 1:27:05]} Nf6 {[%clk 1:17:51]}
6. Bg2 {[%clk 1:27:28]} Be7 {[%clk 1:17:33]} 7. O-O {[%clk 1:27:16]} O-O
{[%clk 1:17:52]} 8. d5 {[%clk 1:11:08]} exd5 {[%clk 0:52:22]} 9. Nd4
{[%clk 1:10:17]} Nc6 {[%clk 0:51:38]} 10. cxd5 {[%clk 1:08:37]} Nxd4
{[%clk 0:51:26]} 11. Qxd4 {[%clk 1:09:02]} Ne4 {[%clk 0:50:30]} 12. Nd2
{[%clk 0:44:13]} Bf6 {[%clk 0:46:25]} 13. Qc4 {[%clk 0:43:24]} Nd6
{[%clk 0:45:13]} 14. Qc2 {[%clk 0:42:59]} Rc8 {[%clk 0:23:24]} 15. Rb1
{[%clk 0:36:36]} Qe7 {[%clk 0:16:13]} 16. Re1 {[%clk 0:27:54]} Kh8
{[%clk 0:14:20]} 17. b4 {[%clk 0:26:41]} c6 {[%clk 0:14:09]} 18. dxc6
{[%clk 0:24:44]} Bxc6 {[%clk 0:14:27]} 19. Bxc6 {[%clk 0:25:00]} Rxc6
{[%clk 0:14:33]} 20. Qd3 {[%clk 0:20:14]} Ne4 {[%clk 0:12:54]} 21. Nf1
{[%clk 0:18:00]} Rd6 {[%clk 0:11:03]} 22. Qc2 {[%clk 0:16:43]} Bd4
{[%clk 0:10:32]} 23. e3 {[%clk 0:12:31]} Ng5 {[%clk 0:10:14]} 24. Rd1
{[%clk 0:10:20]} Rc6 {[%clk 0:08:45]} 25. Qa2 {[%clk 0:05:33]} Nf3+
{[%clk 0:02:41]} 26. Kh1 {[%clk 0:05:54]} Qe4 {[%clk 0:02:47]} 27. exd4
{[%clk 0:03:48]} Rc2 {[%clk 0:02:15]} 28. Qxc2 {[%clk 0:03:03]} Qxc2
{[%clk 0:02:40]} 29. Be3 {[%clk 0:03:11]} Qe4 {[%clk 0:02:54]} 30. Nd2
{[%clk 0:03:28]} Nxd2+ {[%clk 0:03:18]} 31. Kg1 {[%clk 0:03:54]} Nxb1
{[%clk 0:03:33]} 0-1